000 00702cam a22002298i 4500
999 _c118334
_d118334
001 20656067
005 20200831173614.0
008 180904s2019 pau ob 001 0 eng
020 _a9780803658981 ()
040 _cPK-LaUMT
082 0 0 _a612.75
_223
_bJOI-
245 0 0 _aJoint structure and function :
_ba comprehensive analysis /
_cedited by Pamela K. Levangie, Cynthia C. Norkin, and Michael D. Lewek
250 _a6th ed.
260 _aPhiladelphia :
_bF. A. Davis,
_c2019
300 _a535 p.
650 1 2 _aJoints
_xanatomy & histology
650 2 2 _aJoints
_xphysiology
700 1 _aLevangie, Pamela K.,
700 1 _aNorkin, Cynthia C.,
700 1 _aLewek, Michael D.,
942 _cBK